|
|
|
|
| LEADER |
01097nam a2200229 a 4500 |
| 001 |
000023408830 |
| 008 |
090824r20052001enka 000 0 eng d |
| 020 |
|
|
|a 0521009901 (Book plus Cassettes)
|
| 020 |
|
|
|a 0521677009 (Book plus Adio CD)
|
| 040 |
|
|
|a BDS
|b eng
|c BDS
|d Uk
|d SFED:PU
|d NWU
|
| 082 |
0 |
4 |
|a 428.24076
|2 21
|
| 245 |
0 |
0 |
|a Cambridge IELTS 2 :
|b examination papers from the University of Cambridge Local Examinations Syndicate.
|
| 250 |
|
|
|a With answers ed.
|
| 260 |
|
|
|a Cambridge :
|b Cambridge University Press,
|c 2000.[reprinted 2005]
|
| 300 |
|
|
|a iv, 172 p. :
|b ill. ;
|c 25 cm +
|e 2 audio CDs
|
| 541 |
1 |
|
|e 00015135
|
| 650 |
|
0 |
|a English language
|x Study and teaching
|x Problems, exercises, etc.
|
| 650 |
|
0 |
|a International English Language Testing System
|
| 710 |
2 |
|
|a University of Cambridge.
|b Local Examinations Syndicate
|
| 852 |
4 |
|
|a Ayesha Abed Library
|j General Shelf.
|
| 999 |
|
|
|c 3512
|d 3512
|
| 952 |
|
|
|0 0
|1 0
|2 ddc
|4 0
|6 428_240760000000000_CAM_2005
|7 0
|9 3188
|a BRACUL
|b BRACUL
|c GEN
|d 2009-09-02
|g 670.00
|l 25
|m 134
|o 428.24076 CAM
|p 3010015135
|r 2026-02-24
|s 2025-08-07
|t 1
|v 1340.00
|w 2009-09-02
|y BK
|